Normal view MARC view
  • Muhammad Irshad

Entry Personal Name

Number of records used in: 1

001 - CONTROL NUMBER

  • control field: 34812

003 - CONTROL NUMBER IDENTIFIER

  • control field: NUST

005 - DATE AND TIME OF LATEST TRANSACTION

  • control field: 20201102141806.0

008 - FIXED-LENGTH DATA ELEMENTS

  • fixed length control field: 201102|| aca||aabn | a|a d

040 ## - CATALOGING SOURCE

  • Original cataloging agency: NUST
  • Transcribing agency: NUST

100 ## - HEADING--PERSONAL NAME

  • Personal name: Muhammad Irshad

670 ## - SOURCE DATA FOUND

  • Source citation: Work cat.: (NUST)232242: Muhammad Irshad, Management of conflict induced internally displaced person /, 2015.
© 2023 Central Library, National University of Sciences and Technology. All Rights Reserved.